000 01115cam a2200277 i 4500
001 18202
003 DO-SdUEMH
005 20251031223945.0
007 ta
008 251031s2006 ag a|||gr|||| 00| 0|spa|d
020 _a9789500203760
040 _aDO-SdUEMH
_bspa
_erda
041 _aspa
_hag
082 1 4 _mCG
_bC574
100 _eaut
245 _aFisiología Humana de Houssay /
_cCingolani, Horacio E, Houssay, Alberto B ; Colaboradores [48].
250 _aSéptima edición
264 1 _aBuenos aires, Argentina :
_bEl Ateneo,
_c2006
264 4 _c©2006
300 _aXVIII, 1126 páginas :
_bilustraciones ;
_c29 cm.
336 _2rdacontent
_atexto
_btxt
337 _2rdamedia
_asin mediación
_bn
338 _2rdacarrier
_avolumen
_bnc
505 2 _aSección I: Fisiología general -- Sección II: Sangre e inmunidad -- Sección III: Sistema digestivo -- Sección IV: Sistemas circulatorio -- Sección V: Sistema respiratorio -- Sección VI: Riñón y electrolitos -- Sección VII: Metabolismo y endocrinología -- Sección VIII: Reproducción -- Sección IX: Neurofisiología.
942 _2ddc
_cBK
_n0
999 _c18202
_d18202